000 00549nam a22002177a 4500
003 OSt
005 20140310181747.0
008 130624t xxu||||| |||| 00| 0 eng d
020 _a9788973306442
050 _aPL 991.96
_b.C426 1967
082 _aIB 951.98
_bC35 1967
245 _aTae pyung cheon ha = peaceful the earth /
_cCha Man Sik.
260 _aHa Seo :
_bSn,
_cc1967.
300 _a286 p. ;
_c23 cm.
521 _aIB students
541 _j1
541 _j2
541 _j1
562 _e3
942 _2lcc
_cIB
999 _c3040
_d3040